The type 2 diabetes diet book (Record no. 325367)

000 -LEADER
fixed length control field 00360 a2200145 4500
001 - CONTROL NUMBER
control field 90294
082 ## - DEWEY DECIMAL CLASSIFICATION NUMBER
Classification number 616.46206 EZR
090 ## - LOCALLY ASSIGNED LC-TYPE CALL NUMBER (OCLC); LOCAL CALL NUMBER (RLIN)
-- 42614
-- 42614
100 ## - MAIN ENTRY--PERSONAL NAME
Personal name Ezrin Calvin
245 ## - TITLE STATEMENT
Title The type 2 diabetes diet book
Statement of responsibility, etc. Calvin Ezrin
Medium English
250 ## - EDITION STATEMENT
Edition statement 4th ED
260 ## - PUBLICATION, DISTRIBUTION, ETC.
Place of publication, distribution, etc. New York
Name of publisher, distributor, etc. Mc Graw Hill
Date of publication, distribution, etc. 2006
300 ## - PHYSICAL DESCRIPTION
Extent 247p.
500 ## - GENERAL NOTE
General note General Book
942 ## - ADDED ENTRY ELEMENTS (KOHA)
Institution code [OBSOLETE] CAE NUST
Call number prefix 616.46206 EZR
Holdings
Withdrawn status Lost status Damaged status Not for loan Collection code Permanent Location Current Location Date acquired Total Checkouts Full call number Barcode Date last seen Price effective from Koha item type
          College of Aeronautical Engineering (CAE) College of Aeronautical Engineering (CAE) 04/03/2017   616.46206 EZR CAE86289 04/05/2017 04/05/2017 Book
© 2023 Central Library, National University of Sciences and Technology. All Rights Reserved.